000 00533nam a22001937a 4500
003 KOHA_MİRAKIL
005 20251116121217.0
008 251116b tu ||||| |||| 00| 0 tur d
020 _a9786051858234
040 _aTR-AnABB
_btur
_cTR-AnABB
041 _atur
082 _a818.4109
_bKUN 2023
100 1 _aKuntay, Mithat Cemal,
245 1 0 _aMehmet Akif Ersoy /
_cMithat Cemal Kuntay
260 _aİstanbul :
_bEverest Yayınları,
_c2023
300 _a453 sayfa ;
_c21 cm
650 0 0 _aBiyografi
942 _2ddc
_cBK
999 _c9405
_d9405
900 _bGizem YORULMAZ